| 000 | 01277cab a22002175a 4500 | ||
|---|---|---|---|
| 001 | L153270 | ||
| 008 | 110704e20110626xxk 000 0 eng d | ||
| 035 | _a(Sirsi) u153270 | ||
| 041 | 0 | _aeng | |
| 100 | 1 | _aSandher, Hardeep | |
| 245 | 0 | 0 |
_aMarkets _bYorkshire and Lincolnshire |
| 260 | _c2011 | ||
| 490 | 0 |
_aProperty Week _v77(25) 26 June 2011, 51-62(5) |
|
| 520 | _aAdministrator Deloitte brings Velocity Village in Sheffield, one of Yorkshire's biggest speculative office and residential schemes, to the market for £35m. Examines how four Yorkshire retail schemes, Westfield Bradford, Trinity Walk Wakefield, Trinity Leeds, and Eastgate Quarters Leeds, are faring as regional retail demand reaches encouraging levels. Opus North backed by Palmer Capital Partners is close to getting funding for a new stadium for Castleford Tigers' rugby league team. Network Rail has sought proposals for a commercial scheme on Princes Square next to Leeds station. Humber-wide local enterprise partnership approved by government. | ||
| 590 | _aKA | ||
| 651 | 4 |
_aYorkshire _y1888- |
|
| 651 | 4 | _aLincolnshire | |
| 690 | _aPROPERTY-COMMERCIAL PROPERTY-COMMERCIAL PROPERTY MARKET | ||
| 690 | _aPROPERTY-COMMERCIAL PROPERTY-COMMERCIAL PROPERTY FINANCE AND INVESTMENT | ||
| 942 | _n0 | ||
| 999 |
_c83245 _d83245 |
||